| 000 -CABECERA |
| campo de control de longitud fija |
01051nam a2200277 u 4500 |
| 001 - NÚMERO DE CONTROL |
| campo de control |
000038365 |
| 005 - FECHA Y HORA DE LA ÚLTIMA TRANSACCIÓN |
| campo de control |
20200120222324.0 |
| 008 - DATOS DE LONGITUD FIJA--INFORMACIÓN GENERAL |
| campo de control de longitud fija |
100421s2006 sp a br 000 0 spa d |
| 020 ## - NÚMERO INTERNACIONAL ESTÁNDAR DEL LIBRO |
| Número Internacional Estándar del Libro |
8424118189 |
| 043 ## - CÓDIGO DE ÁREA GEOGRÁFICA |
| Código de área geográfica |
e-sp--- |
| 090 ## - LOCALMENTE ASIGNADO TIPO-LC NÚMERO DE CLASIFICACIÓN (OCLC); NÚMERO DE CLASIFICACIÓN LOCAL (RLIN) |
| Número de clasificación (OCLC) (R) ; Numero de clasificación, CALL (RLIN) (NR) |
P |
| Número cutter local (OCLC) ; Número de libro/Signatura topográfica íntegra, CALL (RLIN) |
CRU |
| 100 1# - ENTRADA PRINCIPAL--NOMBRE DE PERSONA |
| Nombre de persona |
Cruz-Contarini, Rafael |
| 245 13 - MENCIÓN DE TÍTULO |
| Título |
De la A a la Z con Cristobál Colón / |
| Mención de responsabilidad, etc. |
Rafael Cruz-Contarini; ilustardo por Rafael Salmerón; dirección editorial: Raquel López Varela; coordinación editorial: Ana María García Alonso; diseño: Jesús Cruz. |
| 250 ## - MENCIÓN DE EDICIÓN |
| Mención de edición |
2a. ed. |
| 260 ## - PUBLICACIÓN, DISTRIBUCIÓN, ETC. |
| Lugar de publicación, distribución, etc. |
León (España) : |
| Nombre del editor, distribuidor, etc. |
Everest, |
| Fecha de publicación, distribución, etc. |
2006. |
| 300 ## - DESCRIPCIÓN FÍSICA |
| Extensión |
[30] p. : |
| Otras características físicas |
il., col. |
| 490 #0 - MENCIÓN DE SERIE |
| Mención de serie |
Montaña encantada. Primeros lectores |
| 600 14 - PUNTO DE ACCESO ADICIONAL DE MATERIA--NOMBRE DE PERSONA |
| Nombre de persona |
Colón, Cristóbal, |
| Fechas asociadas al nombre |
1451-1506 |
| Subdivisión de forma |
Poesías |
| 650 14 - PUNTO DE ACCESO ADICIONAL DE MATERIA--TÉRMINO DE MATERIA |
| Término de materia o nombre geográfico como elemento de entrada |
Literatura infantil |
| 650 24 - PUNTO DE ACCESO ADICIONAL DE MATERIA--TÉRMINO DE MATERIA |
| Término de materia o nombre geográfico como elemento de entrada |
Poesía infantil española |
| 650 24 - PUNTO DE ACCESO ADICIONAL DE MATERIA--TÉRMINO DE MATERIA |
| Término de materia o nombre geográfico como elemento de entrada |
Exploradores en la literatura |
| Subdivisión de forma |
Libros ilustrados para niños |
| 700 1# - PUNTO DE ACCESO ADICIONAL--NOMBRE DE PERSONA |
| Nombre de persona |
Salmerón, Rafael, |
| Término indicativo de función/relación |
il. |
| 700 1# - PUNTO DE ACCESO ADICIONAL--NOMBRE DE PERSONA |
| Nombre de persona |
López Varela, Raquel, |
| Término indicativo de función/relación |
dir. |
| 700 1# - PUNTO DE ACCESO ADICIONAL--NOMBRE DE PERSONA |
| Nombre de persona |
García Alonso, Ana María, |
| Término indicativo de función/relación |
coor. |
| 700 1# - PUNTO DE ACCESO ADICIONAL--NOMBRE DE PERSONA |
| Nombre de persona |
Cruz, Jesús, |
| Término indicativo de función/relación |
dise. |